000 00862nam a22002057a 4500
999 _c11321
_d11321
003 AR-CdUCM
008 190403b ||||| |||| 00| 0 spa d
040 _aMUNICIPALIDAD PROVINCIAL DEL CUSCO
_cBIBLIOTECA MUNICIPAL DEL CUSCO
082 _a613.9 /
_bJ54 / 1942
100 _aJimenes de Asúa, Luis
_928635
245 _aLibertad de amar y derecho a morir :
_bEnsayos de un criminalista sobre eugenesia y eutanasia /
260 _aBuenos Aires ;
_bLosada,
_c1942,
300 _a529 páginas ;
505 _aContenido : Ensayo : Aspectos jurídicos de la eugenesia y de la selección -- Introducción -- La progenie sana (profilaxis) -- El matrimonio eugénico (realización) -- La paternidad y la maternidad consciente ...
650 _aLibertad
_92892
650 _aEugenesia
_928636
650 _aEutanasia
_928637
942 _2ddc
_cLIBROS
945 _arah